Fitoplancton marino /
Guardado en:
| Autor Principal: | |
|---|---|
| Otros Autores: | |
| Formato: | Libro |
| Publicado: |
Buenos Aires :
Eudeba,
1964
|
| Materias: | |
| Etiquetas: |
Agregar Etiqueta
Sin Etiquetas, Sea el primero en etiquetar este registro!
|
| LEADER | 00518nam a22001815a 4500 | ||
|---|---|---|---|
| 001 | CEM.cems015706 | ||
| 005 | 20130506170407.0 | ||
| 008 | 130507s1964##################000#0#####d | ||
| 003 | CEMS | ||
| 082 | 0 | 4 | |a 581.92 |
| 100 | 1 | |a Balech, Enrique | |
| 245 | 1 | 0 | |a Fitoplancton marino / |c Enrique Balech, Hugo J Ferrando |
| 260 | |a Buenos Aires : |b Eudeba, |c 1964 | ||
| 300 | |a 157 p. | ||
| 653 | |a Diatomeas | ||
| 653 | |a Fitoplancton mario | ||
| 700 | 1 | |a Ferrando, Hugo J. | |
| 859 | |a CEMS |b BIB. CEMS - Agricultura |h 581.92 |i B194 |p A5040.76 |t Ej.1 | ||
